| 000 | 00514nam a22001817a 4500 | ||
|---|---|---|---|
| 003 | BD-DhJNU | ||
| 005 | 20241229045938.0 | ||
| 008 | 241229b |||||||| |||| 00| 0 eng d | ||
| 020 | _a9004074260 | ||
| 040 |
_aBD-DhJNU _beng _cBD-DhJNU _dBD-DhJNU |
||
| 082 |
_223 _a305.420 |
||
| 245 |
_aWomen and the family in Iran / _cedited by Asghar Fathi |
||
| 260 |
_aNetherlands : _bE. J. Brill, _c1985. |
||
| 300 |
_aix, 239 p. : _c24 cm. |
||
| 650 | _aMuslim Women | ||
| 700 |
_aFathi, Asghar _eEditor |
||
| 942 |
_2ddc _cBK _n0 |
||
| 999 |
_c1022 _d1022 |
||